| Tag |
First Indicator |
Second Indicator |
Subfields |
| LEADER |
00000cam a2200000 4500 |
| 001 |
in00000024592 |
| 005 |
20151007062421.0 |
| 008 |
720131s1966 ohu b 00000 eng u |
| 010 |
|
|
|a 65024646
|
| 035 |
|
|
|a (OCoLC)00230811
|
| 035 |
|
|
|9 AAD4830AM
|
| 040 |
|
|
|c FIN
|d TXA
|d UtOrBLW
|
| 049 |
|
|
|a TXAM
|c 1 [473268]
|c 2 [473269]
|
| 090 |
|
|
|a PS88
|b .S8
|
| 092 |
|
|
|a 813.09
|b S877v
|
| 100 |
1 |
|
|a Stone, Edward,
|d 1913-1990.
|
| 245 |
1 |
0 |
|a Voices of despair ;
|b four motifs in American literature.
|
| 264 |
|
1 |
|a [Athens] :
|b Ohio University Press,
|c [1966]
|
| 300 |
|
|
|a ix, 240 pages ;
|c 22 cm.
|
| 336 |
|
|
|a text
|b txt
|2 rdacontent
|
| 337 |
|
|
|a unmediated
|b n
|2 rdamedia
|
| 338 |
|
|
|a volume
|b nc
|2 rdacarrier
|
| 504 |
|
|
|a Bibliographical references included in "Notes" (pages [225]-231).
|
| 650 |
|
0 |
|a American literature
|x History and criticism.
|
| 999 |
|
|
|a MARS
|
| 999 |
f |
f |
|s 4e10b5f1-93f9-36d3-9fb8-31863b6f168a
|i 5ae83f1a-8811-317f-b9e7-6f9ef96de87d
|t 0
|
| 952 |
f |
f |
|p ric
|a Texas A&M University
|b Rellis Campus
|c Joint Library Facility
|d Remote Storage
|t 0
|e PS88 .S8
|h Library of Congress classification
|i unmediated -- volume
|m A14801257013
|
| 998 |
f |
f |
|a PS88 .S8
|t 0
|l Remote Storage
|